000 00354nam a2200121Ia 4500
008 230907s9999||||xx |||||||||||||| ||und||
082 _a621.433
_bHAN
100 _aHan, Je-Chin,
245 0 _aGas turbine heat transfer and cooling technology /
260 _aCRC Press/Taylor & Francis,
_bBoca Raton, FL :
_c2013
300 _axvii, 869 p. :
942 _cBK
999 _c598168
_d598168